00719nam a2200193 a 450000100100000000500170001000800410002702000180006804000250008608200150011110000400012624501050016626000380027130000210030949000430033050000700037370000390044383000430048200004213420201002035948.0131114s2009 gt 000 0 spa d a9789992212721 aDO-SdBNPbspacBNPHU axxxbM774c1 aMonteforte Toledo, Mariod1911-200313aLa cueva sin quietud :bcuentos /cMario Monteforte Toledo ; edición Jusé Luis Perdomo Orellana. aGuatemala :bPiedra Santa,c2009. a198 p. ;c21 cm.1 aFundación Mario Monteforte Toledov4 aIncluye datos biográficos del autor en la solapa de la cubierta12aPerdomo Orellana, Jusé Luiseed. 0aFundación Mario Monteforte Toledon4